| 000 | 00694cam a2200181 4500 | ||
|---|---|---|---|
| 082 |
_a674.2028 _bAFA _cL-24, P-12 |
||
| 100 | 1 |
_aAfanasʹev, Pavel Semenovich. _945139 |
|
| 245 | 0 | 0 |
_aWoodworking machinery and cutting tools _c[by] P. Afanasyev. [Translated from the Russian by Nicholas Weinstein. Edited by G. Leib] |
| 260 |
_aMoscow, _bHigher School Pub. House _c[1968] |
||
| 300 |
_a600 p. _billus. _c22 cm. |
||
| 500 | _aTranslation of Derevoobrabatyvai͡u︡shchie stanki. | ||
| 526 |
_a0 _b0 _c0 _d674_202800000000000_AFA |
||
| 526 |
_a0 _b0 _c0 _d674_202800000000000_AFA |
||
| 650 | 0 |
_aMCE _9379 |
|
| 650 | 0 |
_aWood-cutting tools. _945140 |
|
| 650 | 0 | _aWoodworking machinery. | |
| 942 |
_2ddc _cBK |
||
| 999 |
_c548725 _d548725 |
||